000 01097cam a2200277 a 4500
003 OSt
005 20180815165801.0
008 940902s1995 maua b 001 0 eng
020 _a0201633612 (acidfree paper)
020 _a9780201633610
040 _aDLC
_cDLC
_dDLC
_beng
050 0 0 _aQA76.64
_b.D47 1995
082 0 0 _a005.12
_223
_bDEP
245 0 0 _aDesign patterns :
_belements of reusable object-oriented software /
_cErich Gamma ... [et al.].
260 _aReading, Mass. :
_bAddison-Wesley,
_cc1995.
300 _axv, 395 p. :
_bill. ;
_c25 cm.
440 0 _aAddison-Wesley professional computing series
_939573
504 _aIncludes bibliographical references (p. 375-381) and index.
650 0 _aObject-oriented programming (Computer science)
_964135
650 0 _aComputer software
_xReusability.
_939521
650 0 _aSoftware patterns.
_964136
700 1 _aGamma, Erich.
_964137
942 _cBOOK
906 _a7
_bcbc
_corignew
_d1
_eocip
_f19
_gy-gencatlg
999 _c42569
_d312189